00602cam a2200181 a 4500001001000000003000900010005001700019008004100036040002500077100003200102245004000134260004100174300002100215910003400236942001400270952011900284999001700403000018139DO-SdBNP20250702103102.0751021s1938 nyu 000 1 eng d aDO-SdBNPbspacBNPHU1 aBanks, Polan,d1906-93930414aThe man from cook's /cPolan Banks. aNew York :bLee Furman, Inc.,c1938. a384 p. ;c21 cm. aCatalogación por copia / LC 2ddccLBS1 001054708MOaGRbGRcCTd2010-04-15iLF1l0onn* B218mp18139-10r2020-06-25w2020-06-25y4ZPréstamo en sala c17660d17660